|
|
|
|
| LEADER |
01338nam a2200325 i 4500 |
| 001 |
42484 |
| 003 |
BD-DhAAL |
| 005 |
20250720165733.0 |
| 008 |
240512t2014 maua b 001 0 eng d |
| 010 |
|
|
|a 2013032409
|
| 020 |
|
|
|a 9780262027281 (hardcover : alk. paper)
|
| 040 |
|
|
|a DLC
|b eng
|c DLC
|e rda
|d DLC
|d BD-DhAAL
|
| 042 |
|
|
|a pcc
|
| 050 |
0 |
0 |
|a HG173
|b .B46 2014
|
| 082 |
0 |
0 |
|a 332.015118
|2 23
|
| 100 |
1 |
|
|a Benninga, Simon.
|9 56353
|
| 245 |
1 |
0 |
|a Financial modeling /
|c Simon Benninga.
|
| 250 |
|
|
|a Fourth edition.
|
| 264 |
|
1 |
|a Cambridge, Massachusetts :
|b The MIT Press,
|c c2014.
|
| 300 |
|
|
|a xxiv, 1111 pages :
|b illustrations ;
|c 23 cm
|
| 504 |
|
|
|a Includes bibliographical references (pages 1073-1083) and index.
|
| 541 |
|
|
|a Donated by Farhana Zahir, Assistant Professor (BBS)
|e 42484
|
| 630 |
0 |
0 |
|a Microsoft Visual Basic for applications.
|9 56354
|
| 650 |
|
0 |
|a Finance
|x Mathematical models.
|9 36456
|
| 650 |
|
0 |
|a Banks and banking.
|
| 650 |
|
0 |
|a Economics.
|
| 852 |
|
|
|a Ayesha Abed Library
|c General Stacks
|
| 942 |
|
|
|2 ddc
|c BK
|
| 999 |
|
|
|c 46610
|d 46610
|
| 952 |
|
|
|0 0
|1 0
|2 ddc
|4 0
|6 332_015118000000000_BEN
|7 0
|9 75433
|a BRACUL
|b BRACUL
|c GEN
|d 2024-05-12
|e Donated by Farhana Zahir, Assistant Professor (BBS)
|l 2
|m 19
|o 332.015118 BEN
|p 3010042484
|r 2026-02-22
|s 2025-10-08
|t 1
|w 2024-05-12
|y BK
|x Donated by Farhana Zahir, Assistant Professor (BBS)
|